Všechno bude jinak z nového světa podnikání

Salvato in:
Dettagli Bibliografici
Autore principale: Zelený, Milan
Natura: Libro
Lingua:ceco
Pubblicazione: Bratislava Karmelitánske nakladateľstvo 2011
Soggetti:
Tags: Aggiungi Tag
Nessun Tag, puoi essere il primo ad aggiungerne!!

MARC

LEADER 00000nam a2200000 4500
001 0148197
005 20240313090606.4
020 |a 978-80-89231-83-6 
041 0 |a cze 
044 |a CZ 
245 1 0 |a Všechno bude jinak  |b z nového světa podnikání  |c Milan Zelený 
264 1 |a Bratislava  |b Karmelitánske nakladateľstvo  |c 2011 
300 |a 175 s. 
610 2 0 |a podnikanie 
610 2 0 |a stratégia podnikateľská 
610 2 0 |a kríza hospodárska 
610 2 0 |a riadenie podnikové 
610 2 0 |a technológie nové 
610 2 0 |a dlhy 
610 2 0 |a strany politické 
610 2 0 |a demokracia 
100 1 |a Zelený, Milan